Statistics for UK Conservative Candidates for PM

Click here to take the quiz!

General Stats

  • This quiz has been taken 32 times
  • The average score is 5 of 8

Answer Stats

1st2nd3rd4th5thmemberscandidate% Correct
8810111411813743%Chancellor of the Exchequer to 5 July 2022Rishi Sunak
100%
5064718611357%Foreign SecretaryLiz Truss
97%
18-----previously Foreign SecretaryJeremy Hunt
76%
67838292105-Minister of State for Trade PolicyPenny Mordaunt
52%
40495859--Minister of State for Local Government, Faith and CommunitiesKemi Badenoch
45%
25-----Chancellor of the Exchequer since 5 July 2022Nadhim Zahawi
45%
3227----Attorney GeneralSuella Braverman
41%
373231---Chair of Foreign Affairs Select CommitteeTom Tugendhat
34%

Score Distribution

Percentile by Number Answered

Percent of People with Each Score

Your Score History

You have not taken this quiz